000 00503nam a2200169Ia 4500
005 20250923145255.0
008 008 250917s9999 xx 000 0 eng d
037 _aTextual
040 _aDSWL
_beng
_cDSWL
041 _aeng
_2eng
084 _aX:991.2pN68, N71
_qDSWL
245 0 _aOccupational Educational Pattern in India
_cby Director General of Employment
260 _aNew Delhi
_c1973
300 _aiii,367p.
942 _cTEXL
_hX:991.2pN68, N71
999 _c1449326
_d1449326